Teaching and Learning Advances on Sensors for IoT / (Record no. 25036)

MARC details
000 -LEADER
fixed length control field 00679nam a22001937a 4500
003 - CONTROL NUMBER IDENTIFIER
control field AUA.1
005 - DATE AND TIME OF LATEST TRANSACTION
control field 20250213132043.0
008 - FIXED-LENGTH DATA ELEMENTS--GENERAL INFORMATION
fixed length control field 250213b |||||||| |||| 00| 0 eng d
020 ## - INTERNATIONAL STANDARD BOOK NUMBER
International Standard Book Number 9783036505220
040 ## - CATALOGING SOURCE
Transcribing agency JTL
050 ## - LIBRARY OF CONGRESS CALL NUMBER
Classification number LB1028.3
Item number .M378 2021
245 ## - TITLE STATEMENT
Title Teaching and Learning Advances on Sensors for IoT /
Statement of responsibility, etc Sergio Martin (Editor)
260 ## - PUBLICATION, DISTRIBUTION, ETC. (IMPRINT)
Place of publication, distribution, etc Basel, Switzerland :
Name of publisher, distributor, etc MDPI - Multidisciplinary Digital Publishing Institute,
Date of publication, distribution, etc c2021
300 ## - PHYSICAL DESCRIPTION
Extent ix, 109 p. :
Other physical details ill. col. ,
Dimensions 25 cm
500 ## - GENERAL NOTE
General note Includes bibliographies
630 ## - SUBJECT ADDED ENTRY--UNIFORM TITLE
Language of a work History of engineering & technology
700 ## - ADDED ENTRY--PERSONAL NAME
Personal name Martin, Sergio
942 ## - ADDED ENTRY ELEMENTS (KOHA)
Source of classification or shelving scheme Library of Congress Classification
Koha item type Books
Classification part LB 1028.3
Item part .M378 2021
Holdings
Withdrawn status Lost status Source of classification or shelving scheme Damaged status Not for loan Collection code Home library Current library Shelving location Date acquired Source of acquisition Cost, normal purchase price Serial Enumeration / chronology Total Checkouts Full call number Barcode Date last seen Cost, replacement price Price effective from Koha item type
    Library of Congress Classification     Books Judith Thomas Library Judith Thomas Library General Stacks 13/02/2025 Bought by JTL 51.67 AUA27807   LB 1028.3 .M378 2021 AUA27807 13/02/2025 51.67 13/02/2025 Books